[Event "Unna Open 2023"]
[Site "Unna"]
[Date "2023.12.29"]
[Round "5.45"]
[White "Scholtyßek, Norbert"]
[Black "Schulze-Ardey, Dario"]
[Result "0-1"]
[WhiteElo "1497"]
[BlackElo "1119"]
[PlyCount "68"]
[EventDate "2023.12.??"]
[EventType "swiss"]
[EventRounds "7"]
[EventCountry "GER"]
[Tiebreak "Progressive score"]
[SourceVersionDate "2023.12.27"]

1. f4 d6 2. Nf3 Nf6 3. b3 c5 4. Bb2 e6 5. e3 Bd7 6. Be2 Be7 7. O-O Nc6 8. a3 a5
9. Nc3 b6 10. Bb5 Na7 11. Bxd7+ Qxd7 12. Ne2 Ne4 13. d3 Nf6 14. h3 b5 15. Qd2
O-O 16. a4 b4 17. Rac1 Nc6 18. c3 Nd5 19. c4 Nc3 20. Nxc3 bxc3 21. Bxc3 Nb4 22.
Bxb4 cxb4 23. d4 Rad8 24. Rfd1 Bf6 25. Rb1 Rfe8 26. Qd3 Re7 27. Kh1 e5 28. Qd2
exf4 29. exf4 Rde8 30. Re1 Qf5 31. Rxe7 Qxb1+ 32. Kh2 Rxe7 33. g4 Qf1 34. Kg3
Re2 0-1

[Event "Unna Open 2023"]
[Site "Unna"]
[Date "2023.12.29"]
[Round "5.46"]
[White "Demirörs, Emre"]
[Black "Bintig, Til"]
[Result "1/2-1/2"]
[WhiteElo "1162"]
[BlackElo "1322"]
[Annotator "Medger,Gernot"]
[PlyCount "69"]
[EventDate "2023.12.??"]
[EventType "swiss"]
[EventRounds "7"]
[EventCountry "GER"]
[Tiebreak "Progressive score"]
[SourceVersionDate "2023.12.27"]

1. e4 e5 2. Nf3 Nc6 3. Bc4 Bc5 4. c3 Nf6 5. d4 exd4 6. e5 Ng4 7. cxd4 Bb4+ 8.
Nc3 d6 9. exd6 Qxd6 10. O-O O-O 11. h3 Nf6 12. Be3 Bf5 13. a3 Ba5 14. Re1 Ne4
15. Qb3 h6 16. Rac1 Bb6 17. Bd5 Nxc3 18. Rxc3 Ba5 19. Rc5 Bxe1 20. Bxc6 bxc6
21. Rxf5 Rab8 22. Qa4 Qg6 23. Rf4 Qb1 24. Nxe1 Qxe1+ 25. Kh2 Qe2 26. Qxc6 Qxb2
27. Rg4 Qb6 28. Qxh6 Qxh6 29. Bxh6 Kh7 30. Bf4 f5 31. Rg3 Rf7 32. Rc3 Rd8 33.
Be5 Rc8 34. Kg3 g5 35. f4 $11 1/2-1/2

[Event "Unna Open 2023"]
[Site "Unna"]
[Date "2023.12.29"]
[Round "5.47"]
[White "Otuk, Yusuf Miralay"]
[Black "Le, Elias"]
[Result "0-1"]
[WhiteElo "1113"]
[BlackElo "1317"]
[PlyCount "80"]
[EventDate "2023.12.??"]
[EventType "swiss"]
[EventRounds "7"]
[EventCountry "GER"]
[Tiebreak "Progressive score"]
[SourceVersionDate "2023.12.27"]

1. e4 e5 2. f4 d5 3. exd5 exf4 4. Nf3 Nf6 5. d4 Nxd5 6. Bc4 Nb6 7. Bb3 Qe7+ 8.
Kf2 Qd6 9. Re1+ Be7 10. Qe2 Nc6 11. Qe4 Bg4 12. Bxf4 Bxf3 13. Qxf3 Qxd4+ 14.
Be3 Qh4+ 15. Kf1 Qf6 16. Qxf6 gxf6 17. Nc3 O-O-O 18. Bxf7 Ne5 19. Bf4 Bd6 20.
Be6+ Kb8 21. Bg3 Nbc4 22. Ne4 f5 23. Nc3 Nd2+ 24. Kg1 f4 25. Bf2 Rde8 26. Bb3
Re7 27. Kh1 f3 28. g3 Ng4 29. Kg1 Rhe8 30. Nb5 Nxf2 31. Kxf2 Bc5+ 32. Nd4 Bxd4+
33. Re3 Rxe3 34. g4 Re1+ 35. Kg3 f2 36. Rxe1 fxe1=Q+ 37. Kf4 Qf2+ 38. Kg5 Rg8+
39. Kh5 Nf3 40. Bxg8 Qh4# 0-1

[Event "Unna Open 2023"]
[Site "Unna"]
[Date "2023.12.29"]
[Round "5.48"]
[White "Weiner, Letizia Marilena"]
[Black "Ait Khouya, Muhammad"]
[Result "0-1"]
[WhiteElo "909"]
[BlackElo "1298"]
[PlyCount "66"]
[EventDate "2023.12.??"]
[EventType "swiss"]
[EventRounds "7"]
[EventCountry "GER"]
[Tiebreak "Progressive score"]
[SourceVersionDate "2023.12.27"]

1. d4 d5 2. Bf4 Nf6 3. e3 Bf5 4. c3 e6 5. Bd3 Bxd3 6. Qxd3 c5 7. dxc5 a6 8. Qd4
Nc6 9. Qa4 Bxc5 10. Nf3 O-O 11. Nbd2 Re8 12. Ne5 Nxe5 13. Bxe5 Nd7 14. Bd4 Bd6
15. c4 Nc5 16. Bxc5 Bxc5 17. Qb3 b6 18. O-O a5 19. a3 Rc8 20. Rac1 Re7 21. Rc2
Rd7 22. Rd1 Rc6 23. Qb5 Rcd6 24. Nb3 dxc4 25. Rxd6 Rxd6 26. Rd2 Rxd2 27. Nxd2
Qxd2 28. g3 h6 29. Kg2 Bxe3 30. Qh5 Qxf2+ 31. Kh3 Qf1+ 32. Kh4 g5+ 33. Kg4 f5#
0-1

[Event "Unna Open 2023"]
[Site "Unna"]
[Date "2023.12.29"]
[Round "5.52"]
[White "Fischer, Jürgen"]
[Black "Schweda, Sven"]
[Result "0-1"]
[WhiteElo "1372"]
[BlackElo "1377"]
[PlyCount "70"]
[EventDate "2023.12.??"]
[EventType "swiss"]
[EventRounds "7"]
[EventCountry "GER"]
[Tiebreak "Progressive score"]
[SourceVersionDate "2023.12.27"]

1. d4 d5 2. Bf4 Nc6 3. Nf3 Nf6 4. e3 e6 5. Nbd2 Bd6 6. Bg3 Bxg3 7. hxg3 Bd7 8.
Bd3 h6 9. c3 Qe7 10. Qc2 O-O-O 11. O-O-O Kb8 12. Rhe1 Rhe8 13. e4 dxe4 14. Nxe4
Nxe4 15. Bxe4 Qf8 16. Ne5 Nxe5 17. dxe5 Qc5 18. f4 Bc6 19. Bxc6 bxc6 20. Rxd8+
Rxd8 21. Rd1 Rxd1+ 22. Qxd1 Qe3+ 23. Kc2 Qxg3 24. Qf3 Qxf3 25. gxf3 Kb7 26. c4
Kb6 27. b3 Kc5 28. Kd3 h5 29. Ke3 h4 30. Kf2 Kd4 31. Kg2 Ke3 32. Kh3 Kxf3 33.
Kxh4 Kxf4 34. a4 Kxe5 35. Kg4 Kd4 0-1

[Event "Unna Open 2023"]
[Site "Unna"]
[Date "2023.12.29"]
[Round "5.53"]
[White "Krüger, Elias Jordan"]
[Black "Leufert, Jan-Frederik"]
[Result "0-1"]
[WhiteElo "1183"]
[BlackElo "930"]
[PlyCount "28"]
[EventDate "2023.12.??"]
[EventType "swiss"]
[EventRounds "7"]
[EventCountry "GER"]
[Tiebreak "Progressive score"]
[SourceVersionDate "2023.12.27"]

1. e4 d5 2. exd5 Qxd5 3. Nc3 Qd8 4. Nf3 Nf6 5. Bc4 Bf5 6. Ng5 e6 7. Qf3 c6 8.
Nce4 Nxe4 9. Nxe4 Qd4 10. Bd3 Nd7 11. Ng3 Bxd3 12. cxd3 Ne5 13. Qe2 Nxd3+ 14.
Kd1 Nxf2+ 0-1

[Event "Unna Open 2023"]
[Site "Unna"]
[Date "2023.12.29"]
[Round "5.54"]
[White "Mazaheri, Amirmahyar"]
[Black "Leufert, Nils Florian"]
[Result "1-0"]
[WhiteElo "919"]
[BlackElo "981"]
[PlyCount "63"]
[EventDate "2023.12.??"]
[EventType "swiss"]
[EventRounds "7"]
[EventCountry "GER"]
[Tiebreak "Progressive score"]
[SourceVersionDate "2023.12.27"]

1. e4 d5 2. f3 dxe4 3. fxe4 e5 4. Nf3 Nc6 5. Bb5 Bd6 6. Nc3 Bd7 7. Nd5 Nf6 8.
Bc4 Nxe4 9. d3 Nf6 10. Bg5 Be7 11. d4 exd4 12. Nxd4 Nxd4 13. Qxd4 h6 14. Bf4 c6
15. Nc7+ Kf8 16. Nxa8 Qxa8 17. Be5 Qe8 18. O-O-O c5 19. Qd3 Ng4 20. Bg3 Bg5+
21. Kb1 Bc6 22. Bd5 Bxd5 23. Qxd5 b6 24. Bf4 Bxf4 25. Qd8 Nf2 26. Rhe1 g6 27.
Qxe8+ Kg7 28. Qd7 Nxd1 29. Rxd1 a5 30. Qe7 Bg5 31. Qc7 Re8 32. a3 1-0

[Event "Unna Open 2023"]
[Site "Unna"]
[Date "2023.12.29"]
[Round "6.1"]
[White "Cofmann, Veaceslav"]
[Black "Tkachuk, Konstantin"]
[Result "1-0"]
[WhiteElo "2210"]
[BlackElo "2241"]
[PlyCount "77"]
[EventDate "2023.12.??"]
[EventType "swiss"]
[EventRounds "7"]
[EventCountry "GER"]
[Tiebreak "Progressive score"]
[SourceVersionDate "2023.12.27"]

1. d4 Nf6 2. c4 g6 3. Bg5 Bg7 4. Nc3 h6 5. Bf4 d6 6. e4 Nbd7 7. Be2 e5 8. Be3
exd4 9. Bxd4 O-O 10. Nf3 Re8 11. Nd2 Nc5 12. Bxc5 dxc5 13. O-O c6 14. h3 g5 15.
Kh1 Be6 16. Qc1 Qd7 17. e5 Nh7 18. Nf3 Bxh3 19. gxh3 Qxh3+ 20. Nh2 Bxe5 21. f4
Bxf4 22. Rxf4 gxf4 23. Qxf4 Ng5 24. Rg1 Rad8 25. Ne4 Kf8 26. Nxg5 hxg5 27. Qxg5
Qe3 28. Qg7+ Ke7 29. Bh5 Kd6 30. Rf1 Re7 31. Nf3 f5 32. Qg3+ f4 33. Qh4 Rdd7
34. Re1 Kc7 35. Rxe3 fxe3 36. Qf4+ Kb6 37. Ne5 Rd4 38. Qf5 Rd2 39. Nd3 1-0

[Event "Unna Open 2023"]
[Site "Unna"]
[Date "2023.12.29"]
[Round "6.2"]
[White "Köhler, Christian Friedrich"]
[Black "Korten, Lando"]
[Result "1/2-1/2"]
[WhiteElo "2210"]
[BlackElo "2173"]
[Annotator "Medger,Gernot"]
[PlyCount "57"]
[EventDate "2023.12.??"]
[EventType "swiss"]
[EventRounds "7"]
[EventCountry "GER"]
[Tiebreak "Progressive score"]
[SourceVersionDate "2023.12.27"]

1. e4 c5 2. c4 Nc6 3. Nc3 g6 4. g3 Bg7 5. Bg2 e6 6. Nge2 Nge7 7. O-O O-O 8. d3
d6 9. Rb1 b6 10. Be3 Bb7 11. Qd2 Qd7 12. f4 Rfd8 13. Bf2 Rac8 14. a3 d5 15.
exd5 exd5 16. Nxd5 Nxd5 17. Bxd5 Qf5 18. Bg2 Rxd3 19. Qc2 Rcd8 20. Qa4 Rd2 21.
Rbe1 Qd7 22. b4 Rxe2 23. Rxe2 Nd4 24. Qd1 Bxg2 25. Kxg2 Qc6+ 26. Kh3 Qd7+ 27.
Kg2 Qc6+ $11 28. Kh3 Qd7+ 29. Kg2 1/2-1/2

[Event "Unna Open 2023"]
[Site "Unna"]
[Date "2023.12.29"]
[Round "6.3"]
[White "Höllmann, Ludger"]
[Black "Tkachuk, Sergiy"]
[Result "0-1"]
[WhiteElo "2015"]
[BlackElo "2236"]
[PlyCount "100"]
[EventDate "2023.12.??"]
[EventType "swiss"]
[EventRounds "7"]
[EventCountry "GER"]
[Tiebreak "Progressive score"]
[SourceVersionDate "2023.12.27"]

1. d4 Nf6 2. Nf3 g6 3. g3 Bg7 4. Bg2 O-O 5. O-O d6 6. b3 c6 7. Bb2 Qc7 8. Nbd2
Re8 9. e4 Bg4 10. h3 Bxf3 11. Qxf3 e5 12. dxe5 dxe5 13. Rad1 b5 14. c4 Nbd7 15.
Qc3 Qb6 16. b4 c5 17. a3 a6 18. Rb1 Rac8 19. Rfc1 cxb4 20. axb4 Nb8 21. c5 Qb7
22. Nb3 Nc6 23. Ra1 Nd7 24. Rd1 Ndb8 25. Rd6 Red8 26. Rxd8+ Rxd8 27. Kh2 Qd7
28. Bf3 Qe6 29. Rd1 $11 Nd4 30. Nxd4 exd4 31. Qa3 h5 32. h4 Qc8 33. Qa1 Nc6 34.
Kg2 Nxb4 35. Qa5 Nc6 36. Qb6 Be5 37. Ra1 Nb8 38. Rd1 Nd7 39. Qa5 Nxc5 40. Rc1
Rd7 41. Ba3 Rc7 42. Bxc5 Rxc5 43. Rxc5 Qxc5 44. Qxa6 d3 45. Bd1 Qc4 46. Qa8+
Kg7 47. f4 Bd4 48. Qd5 Qxd5 49. exd5 f5 50. Bb3 Kf7 0-1

[Event "Unna Open 2023"]
[Site "Unna"]
[Date "2023.12.29"]
[Round "6.4"]
[White "Stricker, Florian"]
[Black "Winterberg, Andreas"]
[Result "1/2-1/2"]
[WhiteElo "2229"]
[BlackElo "1973"]
[PlyCount "60"]
[EventDate "2023.12.??"]
[EventType "swiss"]
[EventRounds "7"]
[EventCountry "GER"]
[Tiebreak "Progressive score"]
[SourceVersionDate "2023.12.27"]

1. e4 e5 2. Nf3 Nc6 3. Nc3 Nf6 4. h3 d5 5. exd5 Nxd5 6. Bb5 Nxc3 7. bxc3 Bd6 8.
O-O O-O 9. d4 exd4 10. cxd4 h6 11. c4 Qf6 12. Be3 Rd8 13. Bxc6 bxc6 14. Nd2 Bf5
15. Qf3 Qg6 16. c5 Be7 17. Nc4 Be4 18. Qg4 Qxg4 19. hxg4 Bf6 20. Rfd1 Rab8 21.
Ne5 Rb2 22. Nd3 Rc2 23. Nf4 Rb8 24. a4 Rbb2 25. Re1 Bd5 26. Rab1 Rxb1 27. Rxb1
Ra2 28. Nxd5 cxd5 29. Rb7 Rxa4 30. Rxc7 Bxd4 1/2-1/2

[Event "Unna Open 2023"]
[Site "Unna"]
[Date "2023.12.29"]
[Round "6.5"]
[White "Torres-Kuckel, Rafael"]
[Black "Georg, Felix"]
[Result "1-0"]
[WhiteElo "2128"]
[BlackElo "2051"]
[Annotator "Medger,Gernot"]
[PlyCount "105"]
[EventDate "2023.12.??"]
[EventType "swiss"]
[EventRounds "7"]
[EventCountry "GER"]
[Tiebreak "Progressive score"]
[SourceVersionDate "2023.12.27"]

1. e4 c5 2. Nf3 Nc6 3. d4 cxd4 4. Nxd4 Nf6 5. Nc3 d6 6. Nb3 e5 7. Bg5 Be7 8.
Qd2 Be6 9. O-O-O a6 10. Kb1 Qc7 11. Bxf6 Bxf6 12. Qxd6 Qxd6 13. Rxd6 Rd8 14.
Rxd8+ Bxd8 15. Be2 Bb6 16. f3 O-O 17. Rd1 f5 18. exf5 Rxf5 19. Rd6 Kf7 20. Ne4
Ke7 21. c3 Rf8 22. Rd1 Bf5 23. Bd3 Bxe4 24. Bxe4 g5 25. Bxh7 Rh8 26. Bf5 Rxh2
27. Bh3 e4 28. Re1 e3 29. Nd4 Nxd4 30. Rxe3+ Kd6 31. cxd4 Rh1+ 32. Kc2 Bxd4 $11
33. Re6+ Kc7 34. Re7+ Kc6 35. Re4 Bh8 36. Re6+ Kc7 37. Rg6 Rf1 38. b3 Rf2+ 39.
Kd3 Rxa2 40. Rxg5 Rb2 41. Be6 Kd6 42. Bg8 Rb1 43. f4 Re1 44. Rg6+ Kc5 45. g4
Rf1 46. f5 a5 47. Be6 b5 48. g5 Kd6 49. Rg8 Bb2 50. Rb8 Kc5 51. f6 Kd6 52. Bg8
a4 53. bxa4 1-0

[Event "Unna Open 2023"]
[Site "Unna"]
[Date "2023.12.29"]
[Round "6.6"]
[White "Wichtrup, Jan-Louis"]
[Black "Kantor, Nikita"]
[Result "1-0"]
[WhiteElo "2105"]
[BlackElo "1919"]
[Annotator "Medger,Gernot"]
[PlyCount "113"]
[EventDate "2023.12.??"]
[EventType "swiss"]
[EventRounds "7"]
[EventCountry "GER"]
[Tiebreak "Progressive score"]
[SourceVersionDate "2023.12.27"]

1. Nf3 d5 2. d4 Nf6 3. c4 dxc4 4. e3 e6 5. Bxc4 a6 6. O-O c5 7. dxc5 Qxd1 8.
Rxd1 Bxc5 9. Nc3 Nc6 10. Be2 Bd7 11. Ng5 Rd8 12. Nge4 Be7 13. Nd6+ Bxd6 14.
Rxd6 Ke7 15. Rd1 Bc8 $11 16. Bd2 e5 17. Na4 Bf5 18. Be1 Rxd1 19. Bxd1 Nd7 $11
20. Rc1 Rc8 21. f3 Ke8 22. Bd2 b5 23. Nc5 Ncb8 24. Nxd7 Kxd7 25. Rxc8 Kxc8 26.
Bb3 f6 27. Bb4 Nd7 28. Kf2 Bd3 29. e4 Kd8 30. Bd5 Kc7 31. Ke3 Bf1 32. g4 Kb6
33. Be7 Bc4 34. Bxc4 bxc4 35. Kd2 Kb5 36. Kc3 Nb6 37. Bf8 Na4+ 38. Kc2 Nc5 39.
Bxg7 Nd3 40. Bxf6 Ne1+ 41. Kc3 Nxf3 42. h4 Nh2 43. Bxe5 Nxg4 44. Kd4 h5 45. Bg7
Nh2 46. Kd5 Nf3 47. Bf6 Nd2 48. e5 Kb6 49. Bg5 Nf3 50. Bf6 Nd2 51. Kd6 Ne4+ 52.
Ke6 Kc6 53. Be7 Ng3 54. Bb4 Ne4 55. Kf7 Kd5 56. e6 a5 57. Ba3 1-0

[Event "Unna Open 2023"]
[Site "Unna"]
[Date "2023.12.29"]
[Round "6.7"]
[White "Krüger, André"]
[Black "Junk, Phillip"]
[Result "1-0"]
[WhiteElo "1907"]
[BlackElo "2123"]
[PlyCount "71"]
[EventDate "2023.12.??"]
[EventType "swiss"]
[EventRounds "7"]
[EventCountry "GER"]
[Tiebreak "Progressive score"]
[SourceVersionDate "2023.12.27"]

1. c4 e6 2. Nf3 Nf6 3. g3 d5 4. Bg2 Be7 5. O-O O-O 6. d4 dxc4 7. Qa4 a6 8. Qxc4
b5 9. Qc2 Bb7 10. Bg5 Nbd7 11. Nbd2 Rc8 12. Bxf6 Nxf6 13. Nb3 Bd5 14. Rfd1 c6
15. Ne5 Nd7 16. Nxd7 Qxd7 17. Nc5 Bxc5 18. dxc5 f5 19. f3 Qe7 20. e4 fxe4 21.
fxe4 Bc4 22. b3 Qxc5+ 23. Kh1 Rf2 24. Rd2 Rxd2 25. Qxd2 Bxb3 26. axb3 Rf8 27.
Rd1 a5 28. Qd7 a4 29. Qxe6+ Kh8 30. bxa4 bxa4 31. Qd6 Qxd6 32. Rxd6 a3 33. Rxc6
a2 34. Ra6 Rb8 35. Bf1 Rb1 36. Ra8+ 1-0

[Event "Unna Open 2023"]
[Site "Unna"]
[Date "2023.12.29"]
[Round "6.8"]
[White "Ciornei, Dragos"]
[Black "Medger, Gernot"]
[Result "1/2-1/2"]
[WhiteElo "2064"]
[BlackElo "1813"]
[Annotator "Medger,Gernot"]
[PlyCount "35"]
[EventDate "2023.12.??"]
[EventType "swiss"]
[EventRounds "7"]
[EventCountry "GER"]
[Tiebreak "Progressive score"]
[SourceVersionDate "2023.12.27"]

{[%evp 0,35,19,35,55,46,58,60,58,64,60,39,52,39,39,21,20,6,17,13,17,1,4,4,3,
-11,-3,0,0,0,14,14,29,0,-7,-3,0,0]} 1. e4 d5 2. exd5 Qxd5 3. Nc3 Qd8 4. d4 Nf6
5. Bc4 Bf5 {[%eval 110,22]} (5... a6 $14 {[%eval 50,24]}) 6. Nf3 {[%eval 52,24]
B01: Skandinavische Verteidigung.} (6. Qf3 $16 {[%eval 110,22]} Qc8 7. Nge2)
6... e6 $14 7. Ne5 {Und jetzt g4 wäre schön.} Nbd7 8. Bf4 {[%eval -7,27]
Weiß steht aktiver.} (8. Qf3 $16 {[%eval 73,24][%cal Oe5f7] Sxf7! ist eine
echte Drohung.} Nxe5 9. dxe5) 8... c6 $11 9. O-O Be7 10. Bb3 Nxe5 11. Bxe5 O-O
12. Ne2 {[%cal Bc3e2,Be2g3,Bg3f5][%mdl 32] [#]} Bd6 $146 ({Vorgänger:} 12...
Ng4 13. Ng3 Nxe5 14. Nxf5 exf5 15. dxe5 g6 16. Qe2 Qc7 17. e6 fxe6 18. Rad1 Kg7
19. Qxe6 {½-½ Mellado Trivino,J (2455)-Hernando Garcia,A (2240) ESP-chT
Oropesa del Mar 1996 (4)}) 13. Ng3 Bg6 14. Qe2 Qe7 15. f4 Nd5 16. Bxd6 Qxd6 17.
f5 Bxf5 18. Nxf5 {Weiß schien mit der Eröffnung nicht zurechtzukommen. 
Gewichteter Fehlerwert: Weiß=0.30/Schwarz=0.19 (sehr präzise) . Verlustzug: 
---     ---    Gewinn verpasst:   ---     ---    Fehler:     Weiß=1    ---   
Ungenau:     Weiß=2    Schwarz=5   OK:      Weiß=1    Schwarz=3   Bester:   
---     ---    Stark:     ---     ---    Brilliant:    ---     ---} 1/2-1/2

[Event "Unna Open 2023"]
[Site "Unna"]
[Date "2023.12.29"]
[Round "6.9"]
[White "Mann, Gergely"]
[Black "Reufer, Berthold"]
[Result "1-0"]
[WhiteElo "2051"]
[BlackElo "1783"]
[PlyCount "51"]
[EventDate "2023.12.??"]
[EventType "swiss"]
[EventRounds "7"]
[EventCountry "GER"]
[Tiebreak "Progressive score"]
[SourceVersionDate "2023.12.27"]

1. d4 e6 2. e4 d5 3. Nc3 Bb4 4. e5 Ne7 5. a3 Bxc3+ 6. bxc3 b6 7. h4 Qd7 8. Qg4
Ba6 9. Qxg7 Rg8 10. Qxh7 Bxf1 11. Kxf1 Qc6 12. Ne2 Nd7 13. Bg5 Rg6 14. f4 Nf5
15. h5 Rg7 16. Qh8+ Nf8 17. Bh6 Qc4 18. Bxg7 Ng3+ 19. Kf2 Qxe2+ 20. Kxg3 Qe3+
21. Kg4 Qe2+ 22. Kh4 Ke7 23. Bxf8+ Rxf8 24. Qg7 Qxc2 25. h6 Qe4 26. g3 1-0

[Event "Unna Open 2023"]
[Site "Unna"]
[Date "2023.12.29"]
[Round "6.11"]
[White "Krämer, Sascha"]
[Black "Gasper, Jörn"]
[Result "0-1"]
[WhiteElo "1858"]
[BlackElo "1933"]
[PlyCount "90"]
[EventDate "2023.12.??"]
[EventType "swiss"]
[EventRounds "7"]
[EventCountry "GER"]
[Tiebreak "Progressive score"]
[SourceVersionDate "2023.12.27"]

1. e4 e5 2. Nf3 Nc6 3. Bb5 a6 4. Ba4 Nf6 5. O-O Be7 6. Re1 b5 7. Bb3 O-O 8. c3
d6 9. d3 Na5 10. Bc2 c5 11. Nbd2 Nc6 12. Nf1 h6 13. Ng3 Be6 14. d4 cxd4 15.
cxd4 Bg4 16. Nf5 Nxd4 17. N5xd4 exd4 18. Qxd4 Bxf3 19. gxf3 Qc8 20. Bd1 Qc5 21.
Qd3 d5 22. e5 Nd7 23. Qf5 Qc6 24. Bc2 g6 25. Qh3 Qxc2 26. Qxd7 Bc5 27. Be3 Bxe3
28. fxe3 Qxb2 29. e6 Qf6 30. e7 Rfe8 31. Qxd5 Qxe7 32. Qb3 Rad8 33. Re2 Qg5+
34. Kh1 Qf6 35. Rf1 Rc8 36. Qd1 Rc3 37. Qd2 Rec8 38. Qe1 Qe6 39. Qf2 b4 40.
Rfe1 a5 41. e4 Qh3 42. Rf1 Rc1 43. Ree1 R1c2 44. Re2 Rxe2 45. Qxe2 Rc2 0-1

[Event "Unna Open 2023"]
[Site "Unna"]
[Date "2023.12.29"]
[Round "6.12"]
[White "Feldhaus, Thomas"]
[Black "Brieger, Sebastian"]
[Result "0-1"]
[WhiteElo "1849"]
[BlackElo "1891"]
[PlyCount "98"]
[EventDate "2023.12.??"]
[EventType "swiss"]
[EventRounds "7"]
[EventCountry "GER"]
[Tiebreak "Progressive score"]
[SourceVersionDate "2023.12.27"]

1. e4 c5 2. d3 Nc6 3. g3 g6 4. Bg2 Bg7 5. f4 d6 6. Nf3 e6 7. O-O Nge7 8. Na3
O-O 9. c3 e5 10. Nc2 Kh8 11. Be3 Qc7 12. Qd2 f5 13. Nh4 Be6 14. exf5 Nxf5 15.
Nxf5 Bxf5 16. Rac1 Rae8 17. d4 exd4 18. Bf2 dxc3 19. bxc3 Be4 20. Bxe4 Rxe4 21.
Ne3 Rfe8 22. Rcd1 Qa5 23. Rc1 Nd4 24. Kg2 Nb5 25. Qd3 Nxc3 26. Nc4 Qb4 27. Nxd6
c4 28. Nf7+ Kg8 29. Qd7 Qe7 30. Qxe7 R8xe7 31. Nd6 Re2 32. Nxc4 Rxa2 33. Ne5
Bxe5 34. fxe5 Ne4 35. Kg1 Nxf2 36. Rxf2 Rxf2 37. Kxf2 Rxe5 38. Rc7 Rf5+ 39. Ke3
Rf7 40. Rc8+ Kg7 41. Kd4 Kf6 42. Rc5 b6 43. Rc2 Rd7+ 44. Ke4 Rb7 45. Kd5 b5 46.
Kc6 Rb6+ 47. Kc7 b4 48. Rb2 b3 49. h3 Ke5 0-1

[Event "Unna Open 2023"]
[Site "Unna"]
[Date "2023.12.29"]
[Round "6.13"]
[White "Freiknecht, Holger"]
[Black "Luft, Dennis"]
[Result "0-1"]
[WhiteElo "1828"]
[BlackElo "2310"]
[PlyCount "130"]
[EventDate "2023.12.??"]
[EventType "swiss"]
[EventRounds "7"]
[EventCountry "GER"]
[Tiebreak "Progressive score"]
[SourceVersionDate "2023.12.27"]

1. e4 e5 2. Nf3 Nc6 3. d4 exd4 4. Nxd4 Nf6 5. Nxc6 bxc6 6. Bd3 d5 7. Qe2 dxe4
8. Nd2 Bb4 9. O-O Bxd2 10. Bxd2 O-O 11. Bc4 Bg4 12. Qe3 Re8 13. Rfe1 Qd6 14.
Qf4 h6 15. h3 Be6 16. Be2 Qxf4 17. Bxf4 Nd5 18. Bg3 f5 19. c4 Nb4 20. Red1 Re7
21. Bf4 g5 22. Be3 Ree8 23. Bc5 Na6 24. Bd4 c5 25. Bc3 Nb4 26. b3 Rad8 27. Be5
Rc8 28. Rd2 Nc6 29. Bf6 Kf7 30. Bb2 Red8 31. Bh5+ Ke7 32. Rad1 Rxd2 33. Rxd2
Rd8 34. Rxd8 Nxd8 35. Bg7 Bf7 36. Bd1 Ne6 37. Be5 c6 38. Kf1 a6 39. Ke1 h5 40.
Kf1 Bg6 41. Bb8 Kf6 42. Bd6 Bf7 43. Be2 f4 44. Bd1 Bg6 45. Ke1 Kf5 46. Kf1 g4
47. hxg4+ hxg4 48. Ke1 Kg5 49. Be7+ Kh5 50. Kd2 Bf5 51. Bd6 Kg6 52. Be5 Kf7 53.
Bd6 Kf6 54. Be2 f3 55. gxf3 exf3 56. Bd1 Be4 57. Ke3 Bg6 58. b4 cxb4 59. Bxb4
Bb1 60. Bb3 c5 61. Be1 Ke5 62. Bc3+ Kf5 63. Kd2 Kf4 64. Ke1 g3 65. fxg3+ Kxg3
0-1

[Event "Unna Open 2023"]
[Site "Unna"]
[Date "2023.12.29"]
[Round "6.14"]
[White "Dubinker, Philipp"]
[Black "Baumann, Stephan"]
[Result "0-1"]
[WhiteElo "1793"]
[BlackElo "2062"]
[Annotator "Medger,Gernot"]
[PlyCount "88"]
[EventDate "2023.12.??"]
[EventType "swiss"]
[EventRounds "7"]
[EventCountry "GER"]
[Tiebreak "Progressive score"]
[SourceVersionDate "2023.12.27"]

1. Nf3 Nf6 2. c4 c5 3. Nc3 g6 4. d4 Bg7 5. e4 cxd4 6. Nxd4 d6 7. Be2 O-O 8. O-O
Nc6 9. Nc2 Be6 10. Rb1 Nd7 11. Nd5 f5 12. Nf4 Bf7 13. exf5 gxf5 14. b3 Nc5 15.
Bh5 e5 16. Bxf7+ Rxf7 17. Nh5 Qe7 18. Ne3 f4 19. Nd5 Qh4 20. Nxg7 Rxg7 21. b4
Ne6 22. Rb3 Ncd4 23. Rd3 Rf8 24. Kh1 Ng5 25. Bxf4 Rxf4 26. g3 Qh3 27. Nxf4 exf4
28. Rg1 Rg6 29. Qf1 Qh5 30. gxf4 Ndf3 31. Rg2 Ne6 32. Rxg6+ hxg6 33. Qg2 Ned4
34. Qg3 Kf7 35. a3 $11 b5 36. c5 dxc5 37. bxc5 Qxc5 38. Rxf3 Qd5 39. Kg2 a5 40.
Qh3 Qxf3+ 41. Qxf3 Nxf3 42. Kxf3 a4 43. Ke4 b4 44. Kd3 b3 0-1

[Event "Unna Open 2023"]
[Site "Unna"]
[Date "2023.12.29"]
[Round "6.15"]
[White "Wirthmann, Stefan"]
[Black "Dahlbeck, Mirko"]
[Result "0-1"]
[WhiteElo "1733"]
[BlackElo "2013"]
[PlyCount "72"]
[EventDate "2023.12.??"]
[EventType "swiss"]
[EventRounds "7"]
[EventCountry "GER"]
[Tiebreak "Progressive score"]
[SourceVersionDate "2023.12.27"]

1. e4 c5 2. d4 cxd4 3. c3 dxc3 4. Nxc3 Nc6 5. Nf3 e6 6. Bc4 a6 7. O-O b5 8. Bb3
Bb7 9. Qe2 Bc5 10. Rd1 Na5 11. Bf4 Nxb3 12. axb3 Ne7 13. b4 Bb6 14. Rd2 O-O 15.
Rad1 d5 16. exd5 Nxd5 17. Nxd5 Bxd5 18. Ng5 Qf6 19. Be3 Bc7 20. Qg4 Qg6 21. h4
h5 22. Qh3 Rac8 23. Bc5 Rfd8 24. Be7 Re8 25. Bc5 f6 26. Nf3 Be4 27. Bd6 Bb6 28.
Bc5 Bxc5 29. bxc5 Bf5 30. Qh2 Bg4 31. Qg3 Rxc5 32. Rd8 e5 33. R1d6 Rxd8 34.
Rxd8+ Kh7 35. b4 Rc1+ 36. Kh2 Qb1 0-1

[Event "Unna Open 2023"]
[Site "Unna"]
[Date "2023.12.29"]
[Round "6.16"]
[White "Ringwelski, Marius"]
[Black "Vatter, Klaus"]
[Result "1-0"]
[WhiteElo "1986"]
[BlackElo "1717"]
[PlyCount "69"]
[EventDate "2023.12.??"]
[EventType "swiss"]
[EventRounds "7"]
[EventCountry "GER"]
[Tiebreak "Progressive score"]
[SourceVersionDate "2023.12.27"]

1. d4 f5 2. Nf3 Nf6 3. c4 g6 4. g3 Bg7 5. Bg2 O-O 6. O-O d6 7. Nc3 a5 8. d5 e5
9. dxe6 Bxe6 10. Qb3 Nbd7 11. Be3 Rb8 12. Ng5 Bf7 13. Nxf7 Rxf7 14. Ba7 Nc5 15.
Qa3 Ra8 16. Bxc5 dxc5 17. Bxb7 Rb8 18. Rad1 Rd7 19. Rxd7 Qxd7 20. Rd1 Qe6 21.
Qxa5 Qb6 22. Qxb6 cxb6 23. Bf3 Kf7 24. Rd6 Ke7 25. Rc6 Nd7 26. Nd5+ Kd8 27. b3
b5 28. cxb5 Rxb5 29. Ra6 Rb8 30. Nf4 Be5 31. Nd3 Bc3 32. h4 Kc7 33. Bc6 Rb6 34.
Rxb6 Nxb6 35. Nxc5 1-0